[Event "West Wales Open"]
[Site "Swansea"]
[Date "2019.10.12"]
[Round "2.15"]
[White "Sipho, Donovan"]
[Black "Van Kemenade, Rudy"]
[Result "0-1"]
[WhiteElo "1659"]
[BlackElo "1885"]
[PlyCount "102"]
[EventDate "2019.10.12"]
[EventType "swiss"]
[EventRounds "5"]
[EventCountry "WLS"]

1. d4 Nf6 2. c4 e5 3. Nc3 exd4 4. Qxd4 Nc6 5. Qd1 Bc5 6. Nf3 Ng4 7. Ne4 Bb4+ 8.
Bd2 Bxd2+ 9. Qxd2 O-O 10. e3 Re8 11. Nc3 a5 12. Be2 Nce5 13. O-O Ra6 14. Qd4
Rd6 15. Qf4 Rf6 16. Qg3 Rg6 17. Qf4 d6 18. Nxe5 dxe5 19. Qe4 Qh4 20. h3 f5 21.
Qd5+ Be6 22. Qxb7 Nf6 23. Kh2 f4 24. Ne4 fxe3 25. Nxf6+ gxf6 26. Qf3 exf2 27.
Rxf2 Bxc4 28. b3 Bxe2 29. Qxe2 Qg3+ 30. Kh1 Rd8 31. Raf1 Kg7 32. Qc4 Rd7 33.
Qb5 Rd1 34. Qe2 Rxf1+ 35. Rxf1 Qc3 36. Rf3 Qc6 37. Qc4 Qxc4 38. bxc4 Rg5 39.
Rd3 Kg6 40. Rd7 c5 41. Ra7 e4 42. Kg1 Kf5 43. Rxa5 Kf4 44. Ra3 e3 45. Kf1 Rg3
46. Ra5 Ke4 47. Rxc5 Kd3 48. Rd5+ Kxc4 49. Rf5 Kd3 50. Rf3 Rxf3+ 51. gxf3 Kd2
0-1

[Event "West Wales Open"]
[Site "Swansea"]
[Date "2019.10.12"]
[Round "3.1"]
[White "Thompson, Ian D"]
[Black "Kosuzek, Daniel"]
[Result "1/2-1/2"]
[WhiteElo "2120"]
[BlackElo "2338"]
[PlyCount "54"]
[EventDate "2019.10.12"]
[EventType "swiss"]
[EventRounds "5"]
[EventCountry "WLS"]

1. c4 Nf6 2. g3 e6 3. Nf3 d5 4. d4 dxc4 5. Qa4+ Bd7 6. Qxc4 b5 7. Qc2 Na6 8.
Bg2 c5 9. O-O Rc8 10. Qd1 Bc6 11. dxc5 Bxc5 12. Qxd8+ Rxd8 13. Ne5 Bxg2 14.
Kxg2 Nd5 15. a3 f6 16. Nd3 Bd4 17. Nd2 Kf7 18. Nb3 Bb6 19. a4 bxa4 20. Rxa4
Nac7 21. Ndc5 e5 22. e4 Ne7 23. Be3 Rb8 24. Na5 Rhd8 25. Nab7 Rg8 26. Rd1 Bxc5
27. Nxc5 Nb5 1/2-1/2

[Event "West Wales Open"]
[Site "Swansea"]
[Date "2019.10.12"]
[Round "3.2"]
[White "Toczek, Grzegorz"]
[Black "Musson, Adam J"]
[Result "1-0"]
[WhiteElo "2259"]
[BlackElo "2017"]
[PlyCount "75"]
[EventDate "2019.10.12"]
[EventType "swiss"]
[EventRounds "5"]
[EventCountry "WLS"]

1. e4 c5 2. Nf3 d6 3. c3 Nf6 4. h3 Nc6 5. Bd3 g6 6. O-O Bg7 7. a3 O-O 8. Qe2
Nh5 9. Bc2 Nf4 10. Qe3 e5 11. d4 b6 12. Ba4 Ne7 13. dxe5 dxe5 14. Rd1 Qc7 15.
Qe1 Ne6 16. Be3 f5 17. Bc2 f4 18. Bc1 c4 19. a4 g5 20. Na3 Ba6 21. Qe2 Ng6 22.
g4 fxg3 23. fxg3 h6 24. Be3 Rf7 25. Nh2 Bf8 26. Rd5 Bb7 27. Qh5 Ngf4 28. gxf4
gxf4 29. Ng4 Bxd5 30. exd5 Ng5 31. Bf2 e4 32. Bd4 Nf3+ 33. Kh1 Nxd4 34. Rg1 Kh8
35. cxd4 Qe7 36. Ne5 Rf6 37. Bxe4 Re8 38. Naxc4 1-0

[Event "West Wales Open"]
[Site "Swansea"]
[Date "2019.10.12"]
[Round "3.3"]
[White "Garcia, Jason"]
[Black "Cheung, Ryan"]
[Result "1-0"]
[WhiteElo "2050"]
[BlackElo "1642"]
[PlyCount "75"]
[EventDate "2019.10.12"]
[EventType "swiss"]
[EventRounds "5"]
[EventCountry "WLS"]

1. Nf3 d5 2. c4 d4 3. e3 c5 4. exd4 cxd4 5. d3 Nc6 6. g3 Nf6 7. Bg2 e5 8. O-O
Bd6 9. Na3 O-O 10. Nc2 Re8 11. Re1 h6 12. a3 a5 13. b3 Bf5 14. Rb1 Qd7 15. b4
axb4 16. axb4 Bxd3 17. Qxd3 e4 18. Qd2 d3 19. Nfd4 dxc2 20. Nxc2 Qe6 21. c5 Bf8
22. Nd4 Nxd4 23. Qxd4 Red8 24. Qb2 Rd3 25. Qe2 Ra2 26. Qxd3 exd3 27. Rxe6 fxe6
28. Be3 Nd5 29. Bxd5 exd5 30. Rd1 Rb2 31. Rxd3 Rxb4 32. Rxd5 Kf7 33. Rf5+ Ke8
34. Kg2 Be7 35. Kf3 Bf6 36. Bxh6 Rb3+ 37. Be3 Ke7 38. Rd5 1-0

[Event "West Wales Open"]
[Site "Swansea"]
[Date "2019.10.12"]
[Round "3.4"]
[White "Hilton, Tim"]
[Black "Makkar, Rajat"]
[Result "1-0"]
[WhiteElo "1868"]
[BlackElo "2135"]
[PlyCount "51"]
[EventDate "2019.10.12"]
[EventType "swiss"]
[EventRounds "5"]
[EventCountry "WLS"]

1. d4 d5 2. Nc3 Nf6 3. Bf4 e6 4. e3 Bb4 5. Bd3 O-O 6. Nf3 b6 7. O-O Bb7 8. a3
Bd6 9. Ne5 a6 10. Qf3 Nbd7 11. Qh3 g6 12. Ne2 Bxe5 13. dxe5 Nh5 14. Bh6 Re8 15.
g4 Ng7 16. f4 c5 17. c3 Bc8 18. Bg5 Qc7 19. Qh6 f5 20. exf6 Nxf6 21. Bxf6 Qf7
22. Be5 Bb7 23. h4 Qe7 24. h5 Nf5 25. gxf5 gxf5 26. Rf3 1-0

[Event "West Wales Open"]
[Site "Swansea"]
[Date "2019.10.12"]
[Round "3.5"]
[White "Van Veelen, Thomas"]
[Black "Brown, Geoffrey M"]
[Result "0-1"]
[WhiteElo "1992"]
[BlackElo "1861"]
[PlyCount "80"]
[EventDate "2019.10.12"]
[EventType "swiss"]
[EventRounds "5"]
[EventCountry "WLS"]

1. d4 e6 2. Nf3 f5 3. c4 Nf6 4. Nc3 b6 5. g3 Bb7 6. Bg2 Ne4 7. d5 Bb4 8. Qb3
Bxc3+ 9. bxc3 Na6 10. Ba3 Qf6 11. Nd4 Nec5 12. Qc2 O-O 13. O-O e5 14. Nb3 d6
15. Bxc5 Nxc5 16. Nxc5 dxc5 17. Rad1 Rad8 18. e4 f4 19. Rd3 Bc8 20. Qe2 Qh6 21.
Kh1 Rd6 22. Rg1 Rff6 23. Bf3 Rg6 24. g4 Qh4 25. g5 Rxg5 26. Rxg5 Qxg5 27. Rd1
Rd8 28. Rg1 Qh4 29. Bg4 Bxg4 30. Rxg4 Qh3 31. f3 Rd6 32. Rg5 Rg6 33. Rxe5 Rg3
34. d6 Rxf3 35. Kg1 cxd6 36. Re7 Rxc3 37. Qd2 Qe3+ 38. Qxe3 fxe3 39. Kf1 Rxc4
40. Ke2 Kf8 0-1

[Event "West Wales Open"]
[Site "Swansea"]
[Date "2019.10.12"]
[Round "3.6"]
[White "Young, Alan"]
[Black "Van Kemenade, Rudy"]
[Result "1/2-1/2"]
[WhiteElo "2015"]
[BlackElo "1885"]
[PlyCount "84"]
[EventDate "2019.10.12"]
[EventType "swiss"]
[EventRounds "5"]
[EventCountry "WLS"]

1. e4 e5 2. Nf3 Nf6 3. d4 Nxe4 4. Bd3 d5 5. Nxe5 Nd7 6. Nxd7 Bxd7 7. O-O Qh4 8.
c4 O-O-O 9. c5 g5 10. Nc3 Bg7 11. g3 Qh6 12. Nxe4 dxe4 13. Bxe4 f5 14. Bg2 f4
15. Qb3 c6 16. d5 Rhf8 17. Re1 Bd4 18. Re2 Rde8 19. Rxe8+ Bxe8 20. gxf4 gxf4
21. Qh3+ Qxh3 22. Bxh3+ Kb8 23. d6 Bxc5 24. d7 Bg6 25. Bxf4+ Ka8 26. Rc1 Bxf2+
27. Kxf2 Rxf4+ 28. Kg3 Rf8 29. Rd1 Rd8 30. Kf4 Kb8 31. Bf5 Bh5 32. Rd3 Kc7 33.
Rh3 Bg6 34. Bxg6 hxg6 35. Rh7 Rf8+ 36. Kg5 Kd8 37. Kxg6 Rf2 38. h4 Rxb2 39. h5
Rxa2 40. h6 Rg2+ 41. Kf6 Rh2 42. Kg6 Rg2+ 1/2-1/2

[Event "West Wales Open"]
[Site "Swansea"]
[Date "2019.10.12"]
[Round "3.7"]
[White "Jones, Ian Robert"]
[Black "James, Dai"]
[Result "1-0"]
[WhiteElo "1975"]
[BlackElo "1838"]
[PlyCount "61"]
[EventDate "2019.10.12"]
[EventType "swiss"]
[EventRounds "5"]
[EventCountry "WLS"]

1. e4 e5 2. Nf3 Nc6 3. Nc3 f5 4. d4 fxe4 5. Nxe5 Nf6 6. Bg5 Be7 7. Bb5 O-O 8.
O-O h6 9. Bh4 Qe8 10. Ba4 g5 11. Bg3 d5 12. Qd2 Bd7 13. Bb3 Be6 14. Rfe1 Na5
15. Nxd5 Nxb3 16. Nxe7+ Qxe7 17. axb3 Kg7 18. h4 gxh4 19. Bxh4 Bf5 20. Qf4 Qe6
21. Bxf6+ Rxf6 22. Re3 Kh7 23. Qh4 a5 24. Nf3 Rg6 25. Nd2 Rag8 26. g3 Rg4 27.
Qh1 R8g5 28. Rae1 Qd6 29. Nxe4 Rxe4 30. Rxe4 Rxg3+ 31. fxg3 1-0

[Event "West Wales Open"]
[Site "Swansea"]
[Date "2019.10.12"]
[Round "3.8"]
[White "May, Adam J"]
[Black "Marin Marin, Francisco Javier"]
[Result "1-0"]
[WhiteElo "1924"]
[BlackElo "1767"]
[PlyCount "53"]
[EventDate "2019.10.12"]
[EventType "swiss"]
[EventRounds "5"]
[EventCountry "WLS"]

1. c4 c5 2. g3 g6 3. Bg2 Bg7 4. Nc3 Nc6 5. Nf3 Nf6 6. d4 cxd4 7. Nxd4 O-O 8.
O-O Qb6 9. Nc2 d6 10. b3 Ne5 11. h3 e6 12. e4 Rd8 13. Qe2 Bd7 14. Be3 Qc7 15.
Rfd1 Bc6 16. Rac1 Qe7 17. f4 Ned7 18. Nd4 a6 19. b4 e5 20. Nxc6 bxc6 21. Qf2
Rab8 22. a3 Qe6 23. f5 Qe7 24. g4 h6 25. Rc2 Nf8 26. Rcd2 h5 27. g5 1-0

[Event "West Wales Open"]
[Site "Swansea"]
[Date "2019.10.12"]
[Round "3.9"]
[White "Chung, Joel"]
[Black "Fathallah, Joe"]
[Result "0-1"]
[WhiteElo "1463"]
[BlackElo "1904"]
[PlyCount "86"]
[EventDate "2019.10.12"]
[EventType "swiss"]
[EventRounds "5"]
[EventCountry "WLS"]

1. e4 e6 2. d4 d5 3. e5 c5 4. c3 Nc6 5. Nf3 Bd7 6. Be3 cxd4 7. cxd4 Qb6 8. b3
Nge7 9. Bd3 Nb4 10. Nc3 Nxd3+ 11. Qxd3 Nf5 12. Bd2 Be7 13. O-O h5 14. h3 g6 15.
Rad1 a6 16. Bg5 Qd8 17. Bxe7 Qxe7 18. a4 O-O 19. Ne2 b5 20. Nc3 Rab8 21. Rb1
Rfc8 22. Qd2 Kg7 23. axb5 Bxb5 24. Nxb5 Rxb5 25. Qd3 Rcb8 26. Rfd1 Qb7 27. Rd2
a5 28. Ra2 Qb6 29. Ra4 Rxb3 30. Rxb3 Qxb3 31. Qxb3 Rxb3 32. Rxa5 Rxf3 33. gxf3
Nxd4 34. Ra3 g5 35. Kg2 Kg6 36. Rc3 Ne2 37. Re3 Nf4+ 38. Kg3 Kf5 39. h4 gxh4+
40. Kxh4 Ng2+ 41. Kxh5 Nxe3 42. fxe3 Kxe5 43. Kg5 f5 0-1

[Event "West Wales Open"]
[Site "Swansea"]
[Date "2019.10.12"]
[Round "3.10"]
[White "Jukes, Sam"]
[Black "Morgans, Justin"]
[Result "1-0"]
[WhiteElo "1897"]
[BlackElo "1657"]
[PlyCount "53"]
[EventDate "2019.10.12"]
[EventType "swiss"]
[EventRounds "5"]
[EventCountry "WLS"]

1. e4 e5 2. Nf3 Nf6 3. Nxe5 Nc6 4. Nxc6 dxc6 5. d3 Bc5 6. Be2 h6 7. O-O Be6 8.
c3 Bb6 9. Nd2 Qd7 10. a4 a6 11. a5 Ba7 12. Kh1 O-O-O 13. d4 g5 14. f4 gxf4 15.
Rxf4 Nh7 16. Qf1 Rdf8 17. Nc4 f6 18. Rf2 Qg7 19. Bf4 Ng5 20. Nd2 h5 21. Ra4 h4
22. Bxa6 h3 23. Bxb7+ Kxb7 24. Rb4+ Ka8 25. Qa6 hxg2+ 26. Rxg2 Rxh2+ 27. Rxh2
1-0

[Event "West Wales Open"]
[Site "Swansea"]
[Date "2019.10.12"]
[Round "3.11"]
[White "Graham, David B"]
[Black "Haigh, Tony"]
[Result "1-0"]
[WhiteElo "2162"]
[BlackElo "1761"]
[PlyCount "31"]
[EventDate "2019.10.12"]
[EventType "swiss"]
[EventRounds "5"]
[EventCountry "WLS"]

1. e4 Nf6 2. e5 Nd5 3. d4 d6 4. Bc4 Nb6 5. Bb3 dxe5 6. Qf3 e6 7. dxe5 Nc6 8.
Qg3 g6 9. Nf3 Bg7 10. Bg5 Ne7 11. Nc3 h6 12. Rd1 Bd7 13. Bf6 Bxf6 14. exf6 Ng8
15. Bxe6 fxe6 16. Qxg6+ 1-0

[Event "West Wales Open"]
[Site "Swansea"]
[Date "2019.10.12"]
[Round "3.12"]
[White "Turner, Joseph David"]
[Black "Phillips, William"]
[Result "1/2-1/2"]
[WhiteElo "1842"]
[BlackElo "1893"]
[PlyCount "38"]
[EventDate "2019.10.12"]
[EventType "swiss"]
[EventRounds "5"]
[EventCountry "WLS"]

1. e4 e5 2. f4 exf4 3. Bc4 Nf6 4. Nc3 c6 5. Qe2 d6 6. d4 Bg4 7. Nf3 Nh5 8. Bd2
Be7 9. O-O-O b5 10. Bb3 O-O 11. d5 b4 12. Na4 c5 13. e5 Nd7 14. exd6 Bxd6 15.
Qf2 Rc8 16. c4 Re8 17. Rde1 Qf6 18. Rxe8+ Rxe8 19. Re1 Rxe1+ 1/2-1/2

[Event "West Wales Open"]
[Site "Swansea"]
[Date "2019.10.12"]
[Round "3.13"]
[White "Guy, David"]
[Black "Denham-Kennedy, Colin"]
[Result "1/2-1/2"]
[WhiteElo "1891"]
[BlackElo "1656"]
[PlyCount "55"]
[EventDate "2019.10.12"]
[EventType "swiss"]
[EventRounds "5"]
[EventCountry "WLS"]

1. e4 e6 2. d4 d5 3. Nc3 dxe4 4. Nxe4 Nd7 5. Nf3 Ngf6 6. Bd3 Nxe4 7. Bxe4 Nf6
8. Bd3 c5 9. c3 cxd4 10. Nxd4 Bc5 11. Nb3 Be7 12. O-O Bd7 13. Bg5 Qc7 14. Qe2
h6 15. Bxf6 Bxf6 16. Bb5 Bc6 17. Rfd1 O-O 18. Bxc6 Qxc6 19. Rd3 Rfd8 20. Rad1
Rxd3 21. Rxd3 Rd8 22. Rxd8+ Bxd8 23. Qd3 Bb6 24. g3 Qa4 25. Nc1 Qc6 26. Nb3 Qa4
27. Nc1 Qc6 28. Nb3 1/2-1/2

[Event "West Wales Open"]
[Site "Swansea"]
[Date "2019.10.12"]
[Round "3.14"]
[White "Whitehead, Mark A"]
[Black "Hare, Roy T"]
[Result "1/2-1/2"]
[WhiteElo "1847"]
[BlackElo "1672"]
[PlyCount "47"]
[EventDate "2019.10.12"]
[EventType "swiss"]
[EventRounds "5"]
[EventCountry "WLS"]

1. e4 c5 2. Nc3 e6 3. g3 Nc6 4. Bg2 d6 5. d3 Be7 6. f4 a6 7. Nf3 Nd4 8. Be3
Nxf3+ 9. Bxf3 Rb8 10. O-O b6 11. Bf2 Bb7 12. Qe2 Nf6 13. g4 h6 14. Rae1 Nd7 15.
Bg3 Bh4 16. Qg2 Bxg3 17. Qxg3 b5 18. a3 Qb6 19. Qf2 O-O 20. Nd1 e5 21. f5 c4
22. dxc4 bxc4 23. Qxb6 Nxb6 24. Nc3 1/2-1/2

[Event "West Wales Open"]
[Site "Swansea"]
[Date "2019.10.12"]
[Round "3.15"]
[White "Bevan, Peter M"]
[Black "Thomas, Roy"]
[Result "1/2-1/2"]
[WhiteElo "1889"]
[BlackElo "1696"]
[PlyCount "80"]
[EventDate "2019.10.12"]
[EventType "swiss"]
[EventRounds "5"]
[EventCountry "WLS"]

1. c4 e6 2. g3 f5 3. Bg2 Nf6 4. Nc3 Nc6 5. d3 Be7 6. e4 fxe4 7. Nxe4 O-O 8. Ne2
d5 9. Nxf6+ Bxf6 10. cxd5 exd5 11. Qb3 Ne7 12. O-O c6 13. Be3 Re8 14. Bd4 Nf5
15. Bxf6 Qxf6 16. Rae1 Nd6 17. Nc3 Bf5 18. Ne4 Qg6 19. Nxd6 Qxd6 20. Be4 Bh3
21. Bg2 Bxg2 22. Kxg2 b6 23. d4 Qf6 24. Qc3 Kf7 25. Re3 Kg8 26. Rfe1 Qg6 27.
Re5 Rxe5 28. Rxe5 Re8 29. Qe3 Rxe5 30. Qxe5 Qe4+ 31. f3 Qxe5 32. dxe5 d4 33. f4
d3 34. Kf3 c5 35. Ke3 c4 36. b3 b5 37. bxc4 bxc4 38. f5 Kf7 39. g4 g5 40. Kd2
Ke7 1/2-1/2

[Event "West Wales Open"]
[Site "Swansea"]
[Date "2019.10.13"]
[Round "4.1"]
[White "Kosuzek, Daniel"]
[Black "Toczek, Grzegorz"]
[Result "1-0"]
[WhiteElo "2338"]
[BlackElo "2259"]
[PlyCount "79"]
[EventDate "2019.10.12"]
[EventType "swiss"]
[EventRounds "5"]
[EventCountry "WLS"]

1. d4 Nf6 2. c4 g6 3. g3 Bg7 4. Bg2 d6 5. Nc3 O-O 6. Nf3 c6 7. O-O Qa5 8. e4
Bg4 9. h3 Bxf3 10. Bxf3 Nfd7 11. Be3 a6 12. Rb1 b5 13. b4 Qd8 14. a4 bxc4 15.
Qe2 e5 16. d5 cxd5 17. Nxd5 Nc6 18. Qxc4 Nd4 19. Bg2 Nb6 20. Nxb6 Qxb6 21. Rfc1
Ra7 22. Bf1 Bf6 23. Qd5 Rfa8 24. Bd3 Kg7 25. Kg2 Qb7 26. Qxb7 Rxb7 27. Bxd4
exd4 28. e5 dxe5 29. Be4 Rab8 30. Bxb7 Rxb7 31. Rc6 a5 32. b5 Be7 33. b6 Bb4
34. Kf3 Re7 35. Ke4 Kh6 36. Rc4 f5+ 37. Kd3 Rd7 38. Rcxb4 e4+ 39. Kd2 axb4 40.
Rxb4 1-0

[Event "West Wales Open"]
[Site "Swansea"]
[Date "2019.10.13"]
[Round "4.2"]
[White "Brown, Geoffrey M"]
[Black "Thompson, Ian D"]
[Result "1/2-1/2"]
[WhiteElo "1861"]
[BlackElo "2120"]
[PlyCount "96"]
[EventDate "2019.10.12"]
[EventType "swiss"]
[EventRounds "5"]
[EventCountry "WLS"]

1. f4 d5 2. Nf3 Bg4 3. e3 Nd7 4. h3 Bxf3 5. Qxf3 c6 6. d4 Ngf6 7. Bd3 e6 8. Nd2
Bd6 9. O-O O-O 10. c3 c5 11. g4 Qb6 12. g5 Ne8 13. h4 f5 14. Kg2 Be7 15. Rh1
Nd6 16. Qh5 Qc7 17. Nf1 b5 18. Bd2 a5 19. Qe2 Rfb8 20. Ng3 b4 21. Rhc1 Qb6 22.
c4 dxc4 23. Bxc4 Nxc4 24. Rxc4 Qc6+ 25. Qf3 Qxf3+ 26. Kxf3 Nb6 27. Rc2 cxd4 28.
exd4 Rc8 29. Rac1 Kf7 30. Rxc8 Rxc8 31. Rxc8 Nxc8 32. d5 Nb6 33. dxe6+ Kxe6 34.
Be3 Nd5 35. Bd4 g6 36. h5 Bd6 37. hxg6 hxg6 38. Ne2 a4 39. b3 a3 40. Bg7 Bc5
41. Nc1 Be3 42. Nd3 Bd2 43. Bf8 Bc3 44. Nc5+ Kf7 45. Bd6 Bd2 46. Nd3 Bc3 47.
Bc5 Ke6 48. Bf8 Kf7 1/2-1/2

[Event "West Wales Open"]
[Site "Swansea"]
[Date "2019.10.13"]
[Round "4.3"]
[White "Hilton, Tim"]
[Black "Garcia, Jason"]
[Result "0-1"]
[WhiteElo "1868"]
[BlackElo "2050"]
[PlyCount "46"]
[EventDate "2019.10.12"]
[EventType "swiss"]
[EventRounds "5"]
[EventCountry "WLS"]

1. d4 Nf6 2. Bf4 c5 3. d5 Qb6 4. Nc3 Qxb2 5. Bd2 Qb6 6. e4 d6 7. f4 g6 8. Nf3
Bg7 9. Rb1 Qd8 10. Bc4 O-O 11. O-O Na6 12. Bxa6 bxa6 13. Qe1 e6 14. Qh4 exd5
15. exd5 Bf5 16. Rfe1 Rb8 17. Rxb8 Qxb8 18. Ng5 Re8 19. Rxe8+ Qxe8 20. g4 Bxc2
21. f5 gxf5 22. gxf5 Bxf5 23. Qg3 Qe5 0-1

[Event "West Wales Open"]
[Site "Swansea"]
[Date "2019.10.13"]
[Round "4.4"]
[White "Musson, Adam J"]
[Black "May, Adam J"]
[Result "1-0"]
[WhiteElo "2017"]
[BlackElo "1924"]
[PlyCount "83"]
[EventDate "2019.10.12"]
[EventType "swiss"]
[EventRounds "5"]
[EventCountry "WLS"]

1. e4 c6 2. d4 d5 3. e5 c5 4. Ne2 Nc6 5. c3 cxd4 6. cxd4 Bf5 7. Ng3 Bg6 8. h4
h5 9. Nc3 e6 10. Bd3 Bxd3 11. Qxd3 Qb6 12. Be3 a6 13. Rb1 Na5 14. b3 g6 15. Bg5
Nc6 16. Nge2 Bb4 17. O-O Be7 18. Na4 Qc7 19. Rbc1 Bxg5 20. hxg5 Nge7 21. Rc3
Nf5 22. Rfc1 Qe7 23. Qd2 Qb4 24. Nb2 O-O 25. Nd3 Qe7 26. Nc5 Na5 27. Qf4 Rac8
28. g4 hxg4 29. Qxg4 Kg7 30. Nf4 Rc6 31. Ne2 Rfc8 32. Qf4 b6 33. Na4 Rxc3 34.
Naxc3 b5 35. Kg2 b4 36. Nxd5 Qb7 37. Rxc8 Qxc8 38. Nf6 Qc6+ 39. Kg1 Qc2 40. Qh2
Qb1+ 41. Kg2 Qe4+ 42. Nxe4 1-0

[Event "West Wales Open"]
[Site "Swansea"]
[Date "2019.10.13"]
[Round "4.5"]
[White "McCarthy, Maurice"]
[Black "Jukes, Sam"]
[Result "0-1"]
[WhiteElo "1980"]
[BlackElo "1897"]
[PlyCount "66"]
[EventDate "2019.10.12"]
[EventType "swiss"]
[EventRounds "5"]
[EventCountry "WLS"]

1. c4 e5 2. Nc3 Nf6 3. Nf3 Nc6 4. g3 d5 5. cxd5 Nxd5 6. Bg2 Nb6 7. O-O Be7 8.
d3 O-O 9. a3 Be6 10. Bd2 f5 11. b4 a6 12. Rb1 f4 13. b5 axb5 14. Rxb5 Bd6 15.
Qb1 Rxa3 16. gxf4 exf4 17. Ne4 Be7 18. Bc3 Nd5 19. Bb2 Ra5 20. Rxa5 Nxa5 21.
Nd4 Bf7 22. Nf5 Bf6 23. Bxf6 Nxf6 24. Qb4 Nxe4 25. Qxe4 Qf6 26. Ne7+ Kh8 27.
Nd5 Bxd5 28. Qxd5 Qf5 29. Qxf5 Rxf5 30. Bxb7 Nxb7 31. Rb1 Nd8 32. Rb8 Rf8 33.
Kg2 Ne6 0-1

[Event "West Wales Open"]
[Site "Swansea"]
[Date "2019.10.13"]
[Round "4.6"]
[White "Cheung, Ryan"]
[Black "Jones, Ian Robert"]
[Result "1/2-1/2"]
[WhiteElo "1642"]
[BlackElo "1975"]
[PlyCount "66"]
[EventDate "2019.10.12"]
[EventType "swiss"]
[EventRounds "5"]
[EventCountry "WLS"]

1. d4 d6 2. e4 Nf6 3. Bd3 e5 4. Nf3 exd4 5. Nxd4 Nc6 6. Nxc6 bxc6 7. h3 Be7 8.
O-O O-O 9. Nc3 Re8 10. Bf4 Bf8 11. Re1 Nd7 12. Ne2 Nc5 13. Nd4 Qf6 14. Be3 Nxd3
15. Qxd3 Bd7 16. c3 Rab8 17. b3 c5 18. Nf5 a5 19. Bd2 a4 20. b4 cxb4 21. cxb4
Bb5 22. Qf3 Qe6 23. Bc3 Bc4 24. a3 Qg6 25. Re3 Be7 26. h4 Bf6 27. h5 Qg5 28.
Rae1 Bxc3 29. Rxc3 d5 30. Rce3 dxe4 31. Rxe4 Rxe4 32. Qxe4 Be6 33. Ng3 g6
1/2-1/2

[Event "West Wales Open"]
[Site "Swansea"]
[Date "2019.10.13"]
[Round "4.7"]
[White "Fathallah, Joe"]
[Black "Graham, David B"]
[Result "0-1"]
[WhiteElo "1904"]
[BlackElo "2162"]
[PlyCount "76"]
[EventDate "2019.10.12"]
[EventType "swiss"]
[EventRounds "5"]
[EventCountry "WLS"]

1. d4 Nf6 2. c4 g6 3. Nc3 Bg7 4. e4 d6 5. f3 c6 6. Be3 a6 7. a4 a5 8. Bd3 Na6
9. Nge2 e5 10. d5 O-O 11. Qd2 Nb4 12. Bb1 cxd5 13. Nxd5 Nfxd5 14. cxd5 Bd7 15.
Nc1 Qh4+ 16. Bf2 Qh5 17. Nd3 Bh6 18. Be3 Bxe3 19. Qxe3 Qh4+ 20. Qf2 Qxf2+ 21.
Kxf2 Rfc8 22. Nxb4 axb4 23. Bd3 Rc5 24. Rhc1 Rxa4 25. Rxa4 Bxa4 26. Rc4 Rxc4
27. Bxc4 Kf8 28. Ke3 Ke7 29. Kd3 f5 30. exf5 gxf5 31. Ke3 h6 32. g3 Kf6 33. f4
b5 34. Ba2 Bc2 35. fxe5+ Kxe5 36. b3 Be4 37. h3 Bxd5 38. Kd3 Be4+ 0-1

[Event "West Wales Open"]
[Site "Swansea"]
[Date "2019.10.13"]
[Round "4.8"]
[White "Makkar, Rajat"]
[Black "Young, Alan"]
[Result "1-0"]
[WhiteElo "2135"]
[BlackElo "2015"]
[PlyCount "71"]
[EventDate "2019.10.12"]
[EventType "swiss"]
[EventRounds "5"]
[EventCountry "WLS"]

1. d4 d5 2. c4 e6 3. Nf3 Nf6 4. g3 Bb4+ 5. Bd2 Bd6 6. Bg2 c6 7. O-O Nbd7 8. Qc2
Ne4 9. Ne1 Nxd2 10. Nxd2 Nf6 11. Nd3 O-O 12. Rad1 Qc7 13. e4 dxe4 14. Nxe4 Nxe4
15. Bxe4 g6 16. Rfe1 Rd8 17. b4 a5 18. a3 Bf8 19. Qb2 axb4 20. Nxb4 Qa5 21. Rd3
c5 22. dxc5 Rxd3 23. Nxd3 Bxc5 24. a4 Bd7 25. Qxb7 Rd8 26. Ra1 Bd4 27. Ra2 Qc3
28. Qc7 Bf6 29. a5 Qb3 30. Ra1 Be8 31. a6 Qc3 32. Rc1 Qa3 33. a7 Rxd3 34. Bxd3
Qxc1+ 35. Bf1 Qa1 36. Qb8 1-0

[Event "West Wales Open"]
[Site "Swansea"]
[Date "2019.10.13"]
[Round "4.9"]
[White "Van Kemenade, Rudy"]
[Black "Van Veelen, Thomas"]
[Result "1/2-1/2"]
[WhiteElo "1885"]
[BlackElo "1992"]
[PlyCount "71"]
[EventDate "2019.10.12"]
[EventType "swiss"]
[EventRounds "5"]
[EventCountry "WLS"]

1. e4 e6 2. d3 d5 3. Qe2 dxe4 4. dxe4 e5 5. Nf3 Nc6 6. c3 Nf6 7. Qc2 Bc5 8. Bb5
Bd7 9. Nbd2 O-O 10. h3 Qe7 11. Nf1 Nb4 12. cxb4 Bxb4+ 13. Bd2 Bxb5 14. O-O-O
Rad8 15. Bxb4 Qxb4 16. Ng3 Ba4 17. b3 Bc6 18. Nxe5 Bxe4 19. Nxe4 Nxe4 20. Kb2
Nc5 21. Rxd8 Rxd8 22. Nc4 Nd3+ 23. Kb1 b5 24. a3 Qe7 25. Na5 Qxa3 26. Nc6 Nb4
27. Nxb4 Qxb4 28. Qxc7 Qxb3+ 29. Kc1 Qc4+ 30. Qxc4 bxc4 31. Kc2 g5 32. Ra1 Rd7
33. Ra5 Rc7 34. Rxg5+ Kf8 35. Kc3 Ke8 36. Rh5 1/2-1/2

[Event "West Wales Open"]
[Site "Swansea"]
[Date "2019.10.13"]
[Round "4.10"]
[White "Phillips, William"]
[Black "Hare, Roy T"]
[Result "1-0"]
[WhiteElo "1893"]
[BlackElo "1672"]
[PlyCount "69"]
[EventDate "2019.10.12"]
[EventType "swiss"]
[EventRounds "5"]
[EventCountry "WLS"]

1. d4 Nf6 2. Nf3 d6 3. Nc3 g6 4. e4 Bg7 5. Be2 O-O 6. h3 Nbd7 7. Be3 c6 8. O-O
b5 9. a3 Bb7 10. e5 dxe5 11. dxe5 Ne8 12. e6 fxe6 13. Ng5 Nc7 14. Bg4 Ne5 15.
Bxe6+ Nxe6 16. Nxe6 Qxd1 17. Raxd1 Rfc8 18. Nxg7 Kf7 19. Bd4 Nc4 20. Ne4 e5 21.
Bc3 Rd8 22. b3 Kxg7 23. bxc4 Rxd1 24. Bxe5+ Kh6 25. Rxd1 bxc4 26. Bf4+ g5 27.
Bxg5+ Kg6 28. f4 Re8 29. Rd6+ Kf7 30. Rd7+ Kg6 31. Nd6 Re1+ 32. Kf2 Rd1 33.
Nxc4 Rb1 34. g4 Ba6 35. Ne5# 1-0

[Event "West Wales Open"]
[Site "Swansea"]
[Date "2019.10.13"]
[Round "4.11"]
[White "Marin Marin, Francisco Javier"]
[Black "Whitehead, Mark A"]
[Result "1-0"]
[WhiteElo "1767"]
[BlackElo "1847"]
[PlyCount "35"]
[EventDate "2019.10.12"]
[EventType "swiss"]
[EventRounds "5"]
[EventCountry "WLS"]

1. e4 c5 2. Nf3 e6 3. c3 b6 4. d4 Bb7 5. Bd3 cxd4 6. cxd4 Nf6 7. Nc3 Bb4 8. Qe2
O-O 9. O-O d5 10. e5 Bxc3 11. exf6 Bb4 12. fxg7 Kxg7 13. Qe5+ f6 14. Qh5 Rf7
15. Bxh7 Rd7 16. Qh6+ Kf7 17. Ne5+ Ke7 18. Bf4 1-0

[Event "West Wales Open"]
[Site "Swansea"]
[Date "2019.10.13"]
[Round "4.12"]
[White "Thomas, Roy"]
[Black "Turner, Joseph David"]
[Result "0-1"]
[WhiteElo "1696"]
[BlackElo "1842"]
[PlyCount "98"]
[EventDate "2019.10.12"]
[EventType "swiss"]
[EventRounds "5"]
[EventCountry "WLS"]

1. f4 Nf6 2. Nf3 g6 3. e3 d5 4. d3 Bg7 5. Be2 c5 6. O-O Nc6 7. Nc3 O-O 8. e4 d4
9. Na4 Nd7 10. c4 a6 11. b3 b5 12. Nb2 e5 13. f5 Nf6 14. Bg5 h6 15. Bh4 Qd6 16.
Nd2 Ne7 17. g4 gxf5 18. gxf5 Kh8 19. Kh1 Bb7 20. Bf3 Rg8 21. cxb5 axb5 22. a4
bxa4 23. Nbc4 Qc7 24. bxa4 Nh7 25. Bh5 Bf6 26. Bxf6+ Nxf6 27. Bxf7 Rg7 28. Be6
Rf8 29. Rg1 Nc6 30. Rxg7 Qxg7 31. Qg1 Nb4 32. Nxe5 Nxd3 33. Ng6+ Kh7 34. Nxf8+
Qxf8 35. Qg6+ Kh8 36. Rb1 Nf4 37. Qg3 Nxe4 38. Qxf4 Nf2+ 39. Kg1 Nh3+ 40. Kf1
Nxf4 41. Rxb7 Nxe6 42. a5 Qxf5+ 43. Ke1 Nf4 44. Kd1 Qg4+ 45. Kc1 Nd3+ 46. Kc2
Nb4+ 47. Kc1 Qe2 48. Rb6 Qe1+ 49. Kb2 Qxd2+ 0-1